00295nam a2200097Ia 4500008004100000020002200041082002000063100003500083245007100118300000800189210430s9999 xx 000 0 und d a978-81-203-4185-2 a620.1123 P8951T aM.N.Shesha Prakash, G.S.Suresh aTextbook of Mechanics of materialscM.N.Shesha Prakash, G.S.Suresh a322